[Event "AEROSVIT-2008"]
[Site "Foros"]
[Date "2008.06.11"]
[Round "4"]
[White "Van Wely, Loek"]
[Black "Alekseev, Evgeny"]
[Result "1-0"]
[WhiteElo "2676"]
[BlackElo "2711"]
[PlyCount "71"]
[EventDate "2008.06.08"]
[Source "www.chesslib.no"]
[SourceDate "2004.05.04"]

1. d4 d5 2. c4 c6 3. Nf3 e6 4. Nc3 dxc4 5. e3 b5 6. a4 Bb4 7. Bd2 a5 8. axb5 Bxc3 9. Bxc3 cxb5 10. b3 Bb7 11. bxc4 b4 12. Bb2 Nf6 13. Bd3 Nbd7 14. O-O O-O 15. Re1 Ne4 16. Qc2 f5 17. c5 Bc6 18. Bc4 Re8 19. Bb3 Qc7 20. Red1 Kh8 21. Ne1 Nef6 22. Nd3 Bd5 23. f3 Nb8 24. Ba4 Nc6 25. Nf2 e5 26. dxe5 Nxe5 27. Bxe8 Rxe8 28. Qxf5 Bf7 29. Rd6 Bg6 30. Qf4 Nfd7 31. Rad1 Qxc5 32. Rxd7 Nxd7 33. Rxd7 Qxe3 34. Qxe3 Rxe3 35. Bxg7+ Kg8 36. Ng4 1-0

[Event "Linares ESP"]
[Site "Linares ESP"]
[Date "1994.??.??"]
[Round "?"]
[White "Shirov, Alexei D"]
[Black "Lautier, Joel"]
[Result "0-1"]
[WhiteElo "2715"]
[BlackElo "2625"]
[PlyCount "37"]
[EventDate "1994.??.??"]
[Source "www.chesslib.no"]
[SourceDate "2004.05.04"]

1. d4 d5 2. c4 e6 3. Nc3 Bb4 4. a3 Bxc3+ 5. bxc3 c5 6. e3 Ne7 7. Bd3 Qc7 8. cxd5 exd5 9. Ne2 Bf5 10. Bxf5 Nxf5 11. O-O O-O 12. Nf4 Ne7 13. c4 dxc4 14. d5 Ng6 15. Nh5 Qe5 16. Rb1 a5 17. Kh1 Ra7 18. Nf4 b6 19. Bb2 0-1

[Event "Wien"]
[Site "?"]
[Date "1986.??.??"]
[Round "?"]
[White "Karpov, An"]
[Black "Kortchnoi, V."]
[Result "1/2-1/2"]
[WhiteElo "2700"]
[BlackElo "2635"]
[PlyCount "118"]
[EventDate "1986.??.??"]
[Source "ChessBase"]
[SourceDate "1986.01.01"]

1. Nf3 d5 2. d4 e6 3. c4 Nd7 4. Nc3 c6 5. e4 dxe4 6. Nxe4 Ngf6 7. Bd3 Nxe4 8. Bxe4 Nf6 9. Bc2 Bb4+ 10. Bd2 Qa5 11. a3 Bxd2+ 12. Qxd2 Qxd2+ 13. Kxd2 Ke7 14. Rhe1 b6 15. Ne5 Bb7 16. f3 Nd7 17. Nd3 Kd6 18. Kc3 a5 19. Rad1 Kc7 20. b4 axb4+ 21. axb4 Ra2 22. Ra1 Rha8 23. Rxa2 Rxa2 24. Kb3 Ra8 25. Kb2 h6 26. Bb3 g5 27. Kc3 Kd6 28. c5+ bxc5 29. dxc5+ Kc7 30. Bc4 Ra3+ 31. Kb2 Ra8 32. Rf1 Ba6 33. Bxa6 Rxa6 34. f4 f6 35. Re1 Nf8 36. Re3 Ra8 37. Rh3 Rd8 38. Kc3 Ng6 39. Rxh6 Nxf4 40. Nxf4 gxf4 41. Rxf6 e5 42. Rf7+ Kc8 43. b5 cxb5 44. Kb4 Rd2 45. g4 Rxh2 46. g5 Rg2 47. c6 Rxg5 48. Kc5 Kd8 49. Kb6 Rg6 50. Kb7 Ke8 51. Rf5 Ke7 52. c7 Rg8 53. Rxe5+ Kd6 54. Rg5 Rh8 55. Rh5 Rg8 56. c8=Q Rxc8 57. Kxc8 b4 58. Kb7 b3 59. Rb5 b2 1/2-1/2

[Event "France"]
[Site "?"]
[Date "2000.??.??"]
[Round "?"]
[White "Gurevich, M."]
[Black "Dorfman, J."]
[Result "1/2-1/2"]
[WhiteElo "2690"]
[BlackElo "2590"]
[PlyCount "27"]
[EventDate "2000.??.??"]
[Source "Chess Informant"]
[SourceDate "2000.02.01"]

1. d4 d5 2. c4 c6 3. Nc3 Nf6 4. e3 e6 5. Qc2 Nbd7 6. Bd2 Bd6 7. a3 O-O 8. c5 Bc7 9. f4 b6 10. b4 a5 11. Ra2 axb4 12. axb4 Rxa2 13. Qxa2 Bb7 14. Bd3 1/2-1/2

[Event "Batumi"]
[Site "?"]
[Date "1999.??.??"]
[Round "?"]
[White "Korchnoi, V."]
[Black "Giorgadze, G."]
[Result "1-0"]
[WhiteElo "2675"]
[BlackElo "2600"]
[PlyCount "77"]
[EventDate "1999.??.??"]
[Source "Chess Informant"]
[SourceDate "1999.10.01"]

1. d4 d5 2. c4 e6 3. Nc3 Bb4 4. a3 Bxc3+ 5. bxc3 c5 6. e3 Nc6 7. cxd5 exd5 8. Bd3 Nge7 9. Ne2 c4 10. Bc2 Bf5 11. a4 O-O 12. Ba3 Re8 13. O-O Qd7 14. Rb1 Bxc2 15. Qxc2 Ng6 16. Ng3 b6 17. Rbe1 Na5 18. f4 Nb3 19. f5 Nf8 20. f6 g6 21. Bxf8 Kxf8 22. Qf2 Qg4 23. e4 Qg5 24. Re3 a6 25. e5 b5 26. Rfe1 b4 27. cxb4 Qh4 28. Ne2 Qxf2+ 29. Kxf2 Rab8 30. Rh3 Kg8 31. Nf4 Nxd4 32. Nxd5 Nc6 33. Nc7 Rxe5 34. Nxa6 Rb6 35. b5 Rxe1 36. Kxe1 Na5 37. Kd2 Rxf6 38. Kc3 Rf2 39. Nc5 1-0

[Event "Interzonal"]
[Site "Biel izt"]
[Date "1993.??.??"]
[Round "?"]
[White "Lobron, Eric"]
[Black "Sokolov, Ivan"]
[Result "0-1"]
[WhiteElo "2620"]
[BlackElo "2640"]
[PlyCount "75"]
[EventDate "1993.??.??"]
[Source "www.chesslib.no"]
[SourceDate "2004.05.04"]

1. Nf3 d5 2. d4 c6 3. c4 dxc4 4. a4 e6 5. Nc3 Bb4 6. Bd2 Nf6 7. e3 O-O 8. Bxc4 Nbd7 9. O-O c5 10. Qe2 b6 11. Rfd1 Bb7 12. Rac1 Qe7 13. Ba6 Bxa6 14. Qxa6 e5 15. dxc5 Nxc5 16. Qc4 a5 17. e4 Rac8 18. Nb5 Bxd2 19. Nxd2 Rcd8 20. Qe2 Nxa4 21. Nc4 Rxd1+ 22. Rxd1 Qb4 23. Nbd6 Qc5 24. g4 h6 25. h4 Qc7 26. Nxe5 Nc5 27. Qc4 b5 28. Qxb5 Ncxe4 29. Nxe4 Nxe4 30. Qd5 Qc2 31. Rf1 a4 32. h5 Ng5 33. f4 Nh3+ 34. Kh1 Ng1 35. Qf3 Rb8 36. Nxf7 Qxb2 37. Qc6 Rb6 38. Kxg1 0-1

[Event "Chicago 75/370"]
[Site "?"]
[Date "1999.??.??"]
[Round "?"]
[White "Beliavsky, Alexander G"]
[Black "Yermolinsky, Alex"]
[Result "1-0"]
[WhiteElo "2650"]
[BlackElo "2597"]
[PlyCount "83"]
[EventDate "1999.??.??"]
[Source "ChessBase"]
[SourceDate "1999.02.01"]

1. d4 d5 2. c4 c6 3. Nf3 e6 4. Nc3 dxc4 5. Bg5 Qc7 6. g3 Nd7 7. Bg2 Ngf6 8. Nd2 Nb6 9. Bxf6 gxf6 10. e3 e5 11. d5 cxd5 12. Nxd5 Nxd5 13. Bxd5 Be6 14. Bxe6 fxe6 15. O-O O-O-O 16. Rc1 Kb8 17. Qe2 f5 18. Nxc4 e4 19. Rc2 h5 20. Rd1 Rxd1+ 21. Qxd1 Be7 22. h4 a6 23. a4 Bb4 24. Kg2 Qd8 25. Qc1 Rg8 26. Kh2 Ka7 27. b3 Qd3 28. Qb2 Rc8 29. Rc1 Rd8 30. Kg2 Rd5 31. Qf6 Qe2 32. Qxe6 Qf3+ 33. Kg1 Rd1+ 34. Rxd1 Qxd1+ 35. Kh2 Qf3 36. Qb6+ Kb8 37. Qd8+ Ka7 38. Qd4+ Kb8 39. Qe5+ Ka7 40. Qd4+ Kb8 41. Kg1 Be1 42. Qb2 1-0

[Event "Muenchen"]
[Site "?"]
[Date "1993.??.??"]
[Round "?"]
[White "Hertneck, G."]
[Black "Lautier, J."]
[Result "1/2-1/2"]
[WhiteElo "2575"]
[BlackElo "2645"]
[PlyCount "96"]
[EventDate "1993.??.??"]
[Source "ChessBase"]
[SourceDate "1993.02.01"]

1. d4 d5 2. c4 e6 3. Nc3 Bb4 4. cxd5 exd5 5. Bf4 Nf6 6. e3 c5 7. Bd3 Nc6 8. Nge2 cxd4 9. exd4 Bg4 10. f3 Be6 11. O-O O-O 12. a3 Be7 13. b4 Ne8 14. Na4 Bf6 15. Kh1 Nd6 16. Nc5 Bc8 17. Rc1 b6 18. Qa4 Nb8 19. Rfd1 bxc5 20. dxc5 Nf5 21. c6 Qe7 22. Qb5 Nxc6 23. Qxc6 Be6 24. Ba6 Rad8 25. Rc2 Bd7 26. Qc5 Ba4 27. Rcd2 Bxd1 28. Rxd1 Qe6 29. Bd3 a6 30. Bc7 Rc8 31. Nf4 Qd7 32. Nxd5 Rxc7 33. Nxc7 Rd8 34. Nxa6 Qa4 35. Re1 g6 36. Bxf5 Qxa6 37. Be4 Qxa3 38. Rb1 Rd2 39. Qc1 Qa2 40. f4 Rd4 41. Bf3 Rxf4 42. Bd5 Qf2 43. g3 Rf5 44. Be4 Qe2 45. Bg2 h5 46. Qe1 Qa2 47. Qe4 Kg7 48. Rf1 Rxf1+ 1/2-1/2

[Event "Moscow (m/1) 83/395"]
[Site "?"]
[Date "2001.??.??"]
[Round "?"]
[White "Krasenkow, M."]
[Black "Lputian, S."]
[Result "0-1"]
[WhiteElo "2592"]
[BlackElo "2618"]
[PlyCount "96"]
[EventDate "2001.??.??"]
[Source "Chess Informant"]
[SourceDate "2001.10.01"]

1. d4 e6 2. c4 d5 3. Nc3 Be7 4. cxd5 exd5 5. Bf4 c6 6. e3 Bf5 7. g4 Be6 8. h3 Nd7 9. Nf3 Ngf6 10. Bd3 Nb6 11. Ne5 Nfd7 12. Qc2 Nxe5 13. Bxe5 f6 14. Bg3 g6 15. h4 Bd6 16. Ne2 Bxg3 17. Nxg3 Qe7 18. h5 O-O-O 19. f3 f5 20. gxf5 gxf5 21. Nxf5 Bxf5 22. Bxf5+ Kb8 23. O-O-O Qxe3+ 24. Kb1 h6 25. Qh2+ Ka8 26. f4 Qe7 27. Rhe1 Qc7 28. Re6 Rdf8 29. Bd3 a6 30. Rf1 Nc4 31. Qf2 Qa5 32. Rd1 Qb4 33. f5 Rf7 34. Ka1 Ka7 35. a3 Qb3 36. Qc2 Qb6 37. Bxc4 dxc4 38. d5 Rd8 39. d6 Qc5 40. f6 Qxh5 41. Qf2+ c5 42. Rde1 Qd5 43. Re7 Rd7 44. Qg3 Kb6 45. R7e5 Qd4 46. Qf3 Ka7 47. Re6 Rxd6 48. Re7 Rb6 0-1

[Event "EU-ch 2nd"]
[Site "Ohrid"]
[Date "2001.06.07"]
[Round "7"]
[White "Krasenkow, Michal"]
[Black "Shulman, Yuri"]
[Result "1-0"]
[WhiteElo "2655"]
[BlackElo "2551"]
[PlyCount "103"]
[EventDate "2001.06.01"]
[Source "ChessBase"]
[SourceDate "2001.09.13"]

1. c4 e6 2. Nc3 d5 3. d4 dxc4 4. e4 Bb4 5. Bxc4 Nf6 6. e5 Nd5 7. Nge2 c5 8. O-O Nb6 9. Bd3 Nc6 10. dxc5 Bxc5 11. Bf4 Nb4 12. Be4 N4d5 13. Bg3 h6 14. Rc1 Be7 15. Qb3 a5 16. Nxd5 Nxd5 17. Rfd1 a4 18. Qf3 Qb6 19. Bxd5 exd5 20. Nf4 Be6 21. Nxd5 Bxd5 22. Qxd5 O-O 23. Qd4 Qxd4 24. Rxd4 a3 25. bxa3 Bxa3 26. Rc2 Rfc8 27. Rdd2 Bb4 28. Re2 Rd8 29. h3 b6 30. Bf4 Bc5 31. Red2 Re8 32. Re2 Ra4 33. Bc1 Bd4 34. Bb2 Bxb2 35. Rxb2 Re6 36. g3 g5 37. Kg2 Kg7 38. Rb5 h5 39. Rb3 Kg6 40. a3 Kf5 41. Rd2 Ra7 42. Rf3+ Kg6 43. Rd5 Rae7 44. Rd6 Rxd6 45. exd6 Rd7 46. Rd3 f6 47. Kf3 f5 48. h4 f4 49. hxg5 fxg3 50. fxg3 Kxg5 51. Ke4 Kf6 52. Kd5 1-0

[Event "Ch team"]
[Site "Moscow RUS"]
[Date "1972.??.??"]
[Round "?"]
[White "Bronstein, David I"]
[Black "Smyslov, Vassily V"]
[Result "1/2-1/2"]
[WhiteElo "2585"]
[BlackElo "2620"]
[PlyCount "71"]
[EventDate "1972.??.??"]
[Source "www.chesslib.no"]
[SourceDate "2004.05.04"]

1. c4 e6 2. Nc3 d5 3. d4 Bb4 4. Nf3 Ne7 5. e3 c5 6. cxd5 Nxd5 7. Bd2 cxd4 8. Nxd5 Bxd2+ 9. Qxd2 Qxd5 10. Qxd4 Qxd4 11. Nxd4 Bd7 12. Nb5 Bxb5 13. Bxb5+ Ke7 14. Rc1 a6 15. Be2 Nc6 16. Bf3 Rhc8 17. O-O Nd8 18. g4 h6 19. Be4 Rxc1 20. Rxc1 Kd7 21. f4 Rc8 22. Rd1+ Ke7 23. Kf2 Rc5 24. h4 Nc6 25. h5 a5 26. b3 b6 27. Ke2 Nb4 28. Rd2 Rc1 29. a3 Na6 30. Rc2 Rxc2+ 31. Bxc2 Nc5 32. Kd2 Kd6 33. Kc3 Na6 34. Kd4 f6 35. Kc4 Nc7 36. Be4 1/2-1/2

[Event "Altensteig"]
[Site "Altensteig"]
[Date "1994.??.??"]
[Round "7"]
[White "Speelman, Jonathan S"]
[Black "Zvjaginsev, Vadim"]
[Result "1/2-1/2"]
[WhiteElo "2600"]
[BlackElo "2585"]
[PlyCount "76"]
[EventDate "1994.08.??"]
[Source "ChessBase"]

1. d4 d5 2. c4 e6 3. Nc3 Bb4 4. cxd5 exd5 5. Bf4 Ne7 6. e3 O-O 7. Bd3 Bf5 8. Bxf5 Nxf5 9. Qb3 c5 10. dxc5 Na6 11. Rd1 Qa5 12. Nge2 Rfd8 13. Qc2 Bxc3+ 14. bxc3 Ne7 15. Bd6 Nc8 16. Rxd5 Nxd6 17. Rxd6 Nxc5 18. Rxd8+ Rxd8 19. O-O Qa4 20. Qb2 Rd1 21. Ng3 b6 22. h3 g6 23. Qe2 Rd3 24. Rc1 Qd7 25. Qf3 Rd2 26. Nf1 Rxa2 27. Rd1 Qe7 28. Ng3 Kg7 29. Qg4 Qe5 30. Rd8 Ra1+ 31. Kh2 Ne6 32. Rd7 h5 33. Qf3 Ng5 34. Qf4 Qxf4 35. exf4 Nh7 36. Ne4 Nf6 37. Nxf6 Kxf6 38. g4 hxg4 1/2-1/2

[Event "Chess Classics Masters"]
[Site "Frankfurt"]
[Date "1998.06.18"]
[Round "8"]
[White "Huebner, Robert"]
[Black "Kortschnoj, Viktor"]
[Result "1/2-1/2"]
[WhiteElo "2560"]
[BlackElo "2625"]
[PlyCount "83"]
[EventDate "1998.06.17"]
[Source "ChessBase"]
[SourceDate "1998.09.09"]

1. d4 d5 2. c4 e6 3. Nc3 Bb4 4. Nf3 dxc4 5. e4 b5 6. a4 c6 7. Be2 Bb7 8. O-O a6 9. Qc2 Nf6 10. Bg5 h6 11. Bh4 Nbd7 12. Rfd1 Qb6 13. Ne5 O-O 14. Na2 a5 15. Nxd7 Nxd7 16. b3 cxb3 17. Qxb3 bxa4 18. Qxa4 Rfb8 19. Rab1 Ba6 20. Bxa6 Qxa6 21. d5 exd5 22. exd5 Qb5 23. Qxb5 cxb5 24. Nxb4 axb4 25. Bg3 Rc8 26. Rxb4 Rc5 27. h3 Ra4 28. Rb3 b4 29. d6 Rc3 30. Rdb1 Rxb3 31. Rxb3 f5 32. Bf4 Nc5 33. Rb1 Kf7 34. Bd2 b3 35. Be3 Nb7 36. Rxb3 Nxd6 37. g3 Ne4 38. h4 Nf6 39. Rb7+ Kg6 40. Kg2 Rc4 41. Rb6 Kf7 42. Rb7+ 1/2-1/2

[Event "New York op"]
[Site "New York"]
[Date "1997.??.??"]
[Round "?"]
[White "Chernin, Alexander"]
[Black "Blatny, Pavel"]
[Result "1/2-1/2"]
[WhiteElo "2635"]
[BlackElo "2540"]
[PlyCount "43"]
[EventDate "1997.04.02"]
[Source "ChessBase"]

1. c4 e6 2. Nc3 d5 3. d4 Bb4 4. cxd5 exd5 5. Bf4 Nf6 6. e3 c5 7. Bb5+ Bd7 8. Bxd7+ Qxd7 9. Nge2 cxd4 10. Qxd4 Nc6 11. Qd3 Ne4 12. O-O Bxc3 13. Nxc3 Nxc3 14. Qxc3 O-O 15. Rfd1 Rad8 16. Be5 Nxe5 17. Qxe5 Rfe8 18. Qd4 f6 19. Rac1 h6 20. Rc3 Re7 21. Qd2 Qe6 22. Rd3 1/2-1/2

[Event "XX Carlos Torre Wimbledon"]
[Site "Merida MEX"]
[Date "2007.12.19"]
[Round "1.3"]
[White "Meier, Geo"]
[Black "Tregubov, P."]
[Result "0-1"]
[WhiteElo "2558"]
[BlackElo "2609"]
[PlyCount "62"]
[EventDate "2007.12.19"]
[Source "www.chesslib.no"]
[SourceDate "2004.05.04"]

1. Nf3 d5 2. d4 c6 3. c4 e6 4. Nc3 dxc4 5. e3 b5 6. a4 Bb4 7. Bd2 a5 8. axb5 Bxc3 9. Bxc3 cxb5 10. b3 Bb7 11. bxc4 b4 12. Bb2 Nf6 13. Bd3 Nbd7 14. O-O O-O 15. Re1 Be4 16. Bf1 Qc7 17. Nd2 Bb7 18. e4 e5 19. f4 exd4 20. e5 Ne8 21. Bxd4 Nc5 22. Nb3 Ne6 23. Be3 f5 24. c5 a4 25. Nd4 Nxd4 26. Qxd4 Qc6 27. Qxb4 Nc7 28. Reb1 Rfb8 29. Qc4+ Kf8 30. Rb6 Qe4 31. c6 Qxe3+ 0-1

[Event "7th Amplico AIG Life S/F"]
[Site "Warsaw POL"]
[Date "2007.12.16"]
[Round "2"]
[White "Peralta, Fe"]
[Black "Aleksandrov, A."]
[Result "0-1"]
[WhiteElo "2546"]
[BlackElo "2614"]
[PlyCount "70"]
[EventDate "2007.12.16"]
[Source "www.chesslib.no"]
[SourceDate "2004.05.04"]

1. d4 d5 2. c4 e6 3. Nc3 Bb4 4. a3 Bxc3+ 5. bxc3 c5 6. e3 Ne7 7. cxd5 exd5 8. Bd3 Nbc6 9. Ne2 c4 10. Bc2 Bf5 11. O-O O-O 12. a4 Na5 13. Ba3 Bxc2 14. Qxc2 Re8 15. Ng3 Qd7 16. Rae1 Nb3 17. f3 Qxa4 18. Qb2 Ng6 19. Nf5 Re6 20. Bd6 Qd7 21. Bg3 Rae8 22. Qc2 Ne7 23. Nh4 Ng6 24. e4 Nxh4 25. Bxh4 f6 26. Bg3 b5 27. e5 Qf7 28. Re3 a5 29. Rfe1 b4 30. Bh4 bxc3 31. Qxc3 Qa7 32. Bf2 Qxd4 33. Qc2 Qd2 34. Qf5 fxe5 35. R3e2 Qd3 0-1

[Event "SUI-chT"]
[Site "SUI"]
[Date "2000.??.??"]
[Round "?"]
[White "Milov, Vadim"]
[Black "Ekstroem, Roland"]
[Result "1/2-1/2"]
[WhiteElo "2653"]
[BlackElo "2498"]
[PlyCount "103"]
[EventDate "2000.??.??"]
[Source "www.chesslib.no"]
[SourceDate "2004.05.04"]

1. c4 e6 2. Nc3 d5 3. d4 Be7 4. cxd5 exd5 5. Bf4 c6 6. e3 Bf5 7. g4 Be6 8. h3 Nf6 9. Bd3 h6 10. Nf3 Nbd7 11. Qc2 Qa5 12. Kf1 Rc8 13. Kg2 a6 14. a3 c5 15. dxc5 Qxc5 16. Rac1 O-O 17. Nd4 Rfe8 18. Qe2 Qa7 19. Qf3 b5 20. Bb1 b4 21. axb4 Bxb4 22. Nxe6 fxe6 23. h4 e5 24. Bg3 Bxc3 25. Rxc3 Rxc3 26. bxc3 Nc5 27. Bg6 Re7 28. Rd1 Nce4 29. g5 hxg5 30. hxg5 Nxg5 31. Qf5 Nf7 32. Bh4 Qd7 33. Bxf6 Qxf5 34. Bxf5 gxf6 35. Rxd5 Rc7 36. Ra5 Rxc3 37. Rxa6 Kg7 38. Ra7 Kf8 39. Bg6 Ng5 40. Kg3 Rc4 41. Bd3 Rb4 42. Bf5 Ne4+ 43. Kg2 Nd6 44. Be6 Rb7 45. Ra8+ Ke7 46. Bd5 Rb5 47. Ra7+ Kf8 48. Bf3 Rb2 49. Bc6 Rc2 50. Bd5 Rd2 51. e4 f5 52. Ra4 1/2-1/2

[Event "FRA-chT 9900"]
[Site "?"]
[Date "2000.02.04"]
[Round "1.1"]
[White "Solozhenkin Evgeny"]
[Black "Khenkin Igor"]
[Result "1/2-1/2"]
[WhiteElo "2528"]
[BlackElo "2622"]
[PlyCount "99"]
[EventDate "2000.??.??"]
[Source "www.chesslib.no"]
[SourceDate "2004.05.04"]

1. d4 d5 2. Nf3 c6 3. c4 e6 4. Nc3 dxc4 5. Bg5 Qc7 6. e4 b5 7. Be2 Bb7 8. O-O Nf6 9. d5 Nbd7 10. Nd4 cxd5 11. Ndxb5 Qb6 12. exd5 Nxd5 13. Bxc4 Nxc3 14. Nxc3 Be7 15. Bb5 Rd8 16. Be3 Bc5 17. Re1 a6 18. Ba4 Bxe3 19. Rxe3 O-O 20. Bxd7 Bc6 21. Qb3 Qxb3 22. axb3 Rxd7 23. Rxa6 Ra8 24. Rxa8+ Bxa8 25. f3 Kf8 26. Kf2 Bc6 27. Ke1 Rb7 28. Ne2 Bd5 29. Nc1 g5 30. Kd2 h5 31. Rc3 Ke7 32. Ke3 Kd6 33. g3 e5 34. Nd3 Rxb3 35. Rxb3 Bxb3 36. h4 gxh4 37. gxh4 Kd5 38. Nf2 Bc2 39. Nh1 Kc4 40. Ng3 Bg6 41. f4 exf4+ 42. Kxf4 Kb3 43. Kg5 Kxb2 44. Nxh5 Kc3 45. Nf4 Be4 46. h5 Kd4 47. Kf6 Ke3 48. Nh3 Bg6 49. h6 Kf3 50. Ng5+ 1/2-1/2

[Event "New York op"]
[Site "New York"]
[Date "1997.??.??"]
[Round "?"]
[White "Zvjaginsev, Vadim"]
[Black "Blatny, Pavel"]
[Result "1-0"]
[WhiteElo "2610"]
[BlackElo "2540"]
[PlyCount "97"]
[EventDate "1997.04.02"]
[Source "ChessBase"]

1. d4 d5 2. c4 e6 3. Nc3 Bb4 4. e3 Nc6 5. Bd2 Nf6 6. Nf3 O-O 7. a3 Bxc3 8. Bxc3 Ne4 9. Rc1 Qe7 10. Bd3 Nxc3 11. Rxc3 e5 12. Nxe5 Nxe5 13. dxe5 dxc4 14. Rxc4 g6 15. Qc2 c6 16. f4 Be6 17. Rc3 Qh4+ 18. Qf2 Qxf2+ 19. Kxf2 Rad8 20. e4 Rd4 21. Ke3 Rfd8 22. Rhc1 c5 23. Be2 c4 24. f5 gxf5 25. exf5 Bxf5 26. Rxc4 R4d5 27. Bf3 Rd3+ 28. Kf4 Be6 29. Rc7 R8d4+ 30. Kg3 Rb3 31. Rxb7 Rxb7 32. Bxb7 Rd2 33. Bf3 Rxb2 34. Rc5 Rd2 35. Rc7 a6 36. Rc6 Rd4 37. Rxa6 Kg7 38. h3 Rc4 39. Rc6 Ra4 40. Rc3 Kg6 41. Bc6 Rd4 42. a4 Bd5 43. a5 Kf5 44. Bxd5 Rxd5 45. Ra3 Rd7 46. a6 Ra7 47. Ra5 h5 48. Kf3 h4 49. Ke3 1-0

[Event "Muenster"]
[Site "?"]
[Date "1995.??.??"]
[Round "?"]
[White "Dydyshko, V."]
[Black "Giorgadze, G."]
[Result "1/2-1/2"]
[WhiteElo "2545"]
[BlackElo "2605"]
[PlyCount "66"]
[EventDate "1995.??.??"]
[Source "ChessBase"]
[SourceDate "1995.10.01"]

1. d4 d5 2. c4 e6 3. Nc3 Bb4 4. Nf3 dxc4 5. e3 b5 6. Bd2 c6 7. b3 cxb3 8. Qxb3 a5 9. Ne5 Nf6 10. Be2 O-O 11. Bf3 Nd5 12. O-O Bxc3 13. Bxc3 b4 14. Bd2 Ba6 15. Rfc1 Bb5 16. Qb2 f6 17. Nc4 Nd7 18. a3 N7b6 19. Nxb6 Qxb6 20. axb4 a4 21. e4 Ne7 22. Qa2 Qxd4 23. Qxe6+ Rf7 24. Be3 Qe5 25. Qa2 Ng6 26. Rd1 Qe8 27. Rd4 Kh8 28. Rad1 Ne5 29. Bh5 g6 30. Be2 Bxe2 31. Qxe2 Rb7 32. f4 Nf7 33. Bd2 a3 1/2-1/2

[Event "Novgorod op"]
[Site "Novgorod"]
[Date "1999.03.27"]
[Round "9"]
[White "Volkov, Sergey"]
[Black "Galliamova, Alisa"]
[Result "1-0"]
[WhiteElo "2587"]
[BlackElo "2558"]
[PlyCount "35"]
[EventDate "1999.03.19"]
[Source "ChessBase"]
[SourceDate "1999.05.10"]

1. d4 d5 2. c4 c6 3. Nc3 Nf6 4. e3 e6 5. Qc2 Nbd7 6. Bd2 b6 7. cxd5 exd5 8. Bd3 Bb7 9. Nf3 Qc7 10. O-O Be7 11. Rae1 O-O 12. e4 dxe4 13. Nxe4 h6 14. Bxh6 gxh6 15. Qd2 Rfe8 16. Qxh6 c5 17. Nxf6+ Nxf6 18. Re5 1-0